| 000 | 004190000a22001690004500 | ||
|---|---|---|---|
| 003 | MACL | ||
| 005 | 20160226175200.0 | ||
| 008 | 160211b xxu||||| |||| 00| 0 eng d | ||
| 040 |
_aMACL _cMACL |
||
| 041 | _aHindi | ||
| 082 | _a294 | ||
| 100 |
_aगौड रामदास _937854 |
||
| 245 | _aहिन्दुत्व | ||
| 260 | _aकाशी | ||
| 650 |
_aReligion _937855 |
||
| 942 |
_cHIN _k294 _2ddc |
||
| 999 |
_c53404 _d53404 |
||